| 000 | 00524nam a2200193Ia 4500 | ||
|---|---|---|---|
| 999 |
_c14845 _d14845 |
||
| 003 | OSt | ||
| 005 | 20230905135634.0 | ||
| 008 | 190216s9999||||xx |||||||||||||| ||und|| | ||
| 020 | _a9788184002881 | ||
| 040 | _coclc | ||
| 082 |
_a823.914 _bASL/M |
||
| 100 |
_aAslam, Nadeem _95665 |
||
| 245 | 0 |
_aMaps For Lost Lovers / _cNadeem Aslam |
|
| 250 | _a2ND | ||
| 260 |
_bRandom House India, _c2012. _anoida: |
||
| 300 | _a526p | ||
| 650 | _aEnglish | ||
| 942 |
_cBK _2ddc _h823.914 _iASL/M _k823.914 _mASL/M |
||